|
|
|
|
| LEADER |
01183nam a2200277 a 4500 |
| 001 |
4491637 |
| 008 |
100112s1998 caua b 001 0 eng d |
| 010 |
|
|
|a 97045463
|
| 020 |
|
|
|a 0803957912
|
| 020 |
|
|
|a 0803957920 (pbk.)
|
| 040 |
|
|
|a DLC
|c DLC
|d DLC
|d BD-DhAAL
|
| 082 |
0 |
0 |
|a 307.1/4/0973
|2 21
|
| 100 |
1 |
|
|a Gittell, Ross J.,
|d 1957-
|
| 245 |
1 |
0 |
|a Community organizing :
|b building social capital as a development strategy /
|c Ross Gittell and Avis Vidal.
|
| 260 |
|
|
|a Thousand Oaks, CA :
|b Sage Publications,
|c c1998.
|
| 300 |
|
|
|a x, 196 p. :
|b ill. ;
|c 24 cm.
|
| 504 |
|
|
|a Includes bibliographical references and index.
|
| 541 |
1 |
|
|e 00008100
|
| 650 |
|
0 |
|a Community development
|z United States
|x Case studies.
|
| 650 |
|
0 |
|a Community development corporations
|z United States
|x Case studies.
|
| 650 |
|
0 |
|a Community organization
|z United States
|x Case studies.
|
| 650 |
|
0 |
|a Social capital (Sociology)
|z United States.
|
| 700 |
1 |
|
|a Vidal, Avis.
|
| 852 |
4 |
|
|a Ayesha Abed Library
|j General shelf
|
| 999 |
|
|
|c 6916
|d 6916
|
| 952 |
|
|
|0 0
|1 0
|2 ddc
|4 0
|6 307_140973000000000_GIT_1998
|7 0
|9 7147
|a BRACUL
|b BRACUL
|c GEN
|d 2010-01-13
|l 1
|m 1
|o 307.140973 GIT
|p 3010008100
|r 2016-07-31
|s 2016-01-28
|t 1
|w 2010-01-13
|y BK
|